000 00690nam a2200205 a 4500
001 BRCA_807
005 20190320203147.0
008 260508s2005----ve-a---###---#000-0#spa-#
020 _a9801216158
050 4 _aNK7241.V4
_b.D93 2005
100 1 _aDuarte, Carlos F.
_92686
245 1 0 _aEl arte de tomar el chocolate
_bhistoria del coco chocolatero en Venezuela
_cCarlos F. Duarte.
260 _aVenezuela
_bCarlos F. Duarte
_c2005
300 _a127 p.
_bil. a color
_c21 cm.
504 _aBibliografĂ­a : p. 126-127
650 1 4 _aCocos chocolateros
_xHistoria
_zVenezuela
_92687
650 1 4 _aChocolate
_xHistoria
_zAmérica
_92688
650 1 4 _aCacao
_xHistoria
_zVenezuela
_92689
942 _2lcc
_cB
999 _c702
_d702